Структура и средства выражения нормативно-правовой составляющей категории девиации (на материале английского языка); Вестник Томского государственного педагогического университета; № 9 (111)

Dettagli Bibliografici
Parent link:Вестник Томского государственного педагогического университета/ Томский государственный педагогический университет (ТГПУ)
№ 9 (111).— 2011.— [С. 49-52]
Autore principale: Пташкин А. С. Александр Сергеевич
Ente Autore: Национальный исследовательский Томский политехнический университет
Riassunto:Заглавие с экрана
Категория девиации выражается словами широкой семантики с корнем devia-. Конкретизация значений вышеназванных слов происходит посредством анализа их контекстуальных корреляций с языковыми единица- ми, репрезентирующими концепты, включенные в сферу девиации. Данные ментальные единицы выступают в качестве элементов иерархической структуры категории девиации, в основе которой лежат гиперо-гипоними- ческие отношения.
The category of deviation is expressed by some broad-meaning words with the root devia-. The semantics of the above-mentioned words may be made more specific by analyzing their contextual correlations with lingual units representing the concepts which are included in the field of deviation. These concepts form the hierarchical structure of the category of deviation, hyper-hyponym relations underlying this structure.
Режим доступа: по договору с организацией-держателем ресурса
Lingua:russo
Pubblicazione: 2011
Serie:Германские языки
Soggetti:
Accesso online:https://vestnik.tspu.edu.ru/archive.html?year=2011&issue=9&article_id=3025
https://www.elibrary.ru/item.asp?id=17063355
Natura: Elettronico Capitolo di libro
KOHA link:https://koha.lib.tpu.ru/cgi-bin/koha/opac-detail.pl?biblionumber=661817

MARC

LEADER 00000naa0a2200000 4500
001 661817
005 20250523152620.0
035 |a (RuTPU)RU\TPU\network\32735 
035 |a RU\TPU\network\32734 
090 |a 661817 
100 |a 20200222d2011 k||y0rusy50 ca 
101 0 |a rus 
102 |a RU 
135 |a drcn ---uucaa 
181 0 |a i  
182 0 |a b 
200 1 |a Структура и средства выражения нормативно-правовой составляющей категории девиации (на материале английского языка)  |d Pecularities of the structure and expression of the legal-regulatory component in the deviation category (in the English language)  |f А. С. Пташкин 
203 |a Текст  |c электронный 
225 1 |a Германские языки 
300 |a Заглавие с экрана 
320 |a [Библиогр.: с. 51 (18 назв.)] 
330 |a Категория девиации выражается словами широкой семантики с корнем devia-. Конкретизация значений вышеназванных слов происходит посредством анализа их контекстуальных корреляций с языковыми единица- ми, репрезентирующими концепты, включенные в сферу девиации. Данные ментальные единицы выступают в качестве элементов иерархической структуры категории девиации, в основе которой лежат гиперо-гипоними- ческие отношения. 
330 |a The category of deviation is expressed by some broad-meaning words with the root devia-. The semantics of the above-mentioned words may be made more specific by analyzing their contextual correlations with lingual units representing the concepts which are included in the field of deviation. These concepts form the hierarchical structure of the category of deviation, hyper-hyponym relations underlying this structure. 
333 |a Режим доступа: по договору с организацией-держателем ресурса 
461 |t Вестник Томского государственного педагогического университета  |f Томский государственный педагогический университет (ТГПУ) 
463 |t № 9 (111)  |v [С. 49-52]  |d 2011 
510 1 |a Pecularities of the structure and expression of the legal-regulatory component in the deviation category (in the English language)  |z eng 
610 1 |a электронный ресурс 
610 1 |a труды учёных ТПУ 
610 1 |a категории 
610 1 |a девиация 
610 1 |a семантика 
610 1 |a концепт 
610 1 |a лексемы 
610 1 |a устойчивые словосочетания 
610 1 |a фразеологизмы 
700 1 |a Пташкин  |b А. С.  |c лингвист  |c доцент Томского политехнического университета, кандидат филологических наук  |f 1983-  |g Александр Сергеевич  |3 (RuTPU)RU\TPU\pers\35193  |9 18458 
712 0 2 |a Национальный исследовательский Томский политехнический университет  |c (2009- )  |9 26305 
801 2 |a RU  |b 63413507  |c 20200222  |g RCR 
850 |a 63413507 
856 4 0 |u https://vestnik.tspu.edu.ru/archive.html?year=2011&issue=9&article_id=3025 
856 4 0 |u https://www.elibrary.ru/item.asp?id=17063355 
942 |c CF